000 00421nam a2200121Ia 4500
008 220615s9999||||xx |||||||||||||| ||und||
100 _aJinquan Li
245 0 _aAdvances in International Rice Research
546 _aEnglish[eng]
650 _aLife Sciences||Plant Biology||Agricultural and Biological Sciences||Agrology
856 _uhttps://www.intechopen.com/books/advances-in-international-rice-research
942 _cEB
999 _c13861
_d13861